Plotins schriften
Furkejuvvon:
| Váldodahkki: | |
|---|---|
| Materiálatiipa: | Girji |
| Giella: | duiskkagiella |
| Almmustuhtton: |
Hamburgo
Felix Meiner
1956
|
| Ráidu: | Philosophischen Bibliotek, 211
|
| Fáttát: | |
| Fáddágilkorat: |
Lasit fáddágilkoriid
Eai fáddágilkorat, Lasit vuosttaš fáddágilkora!
|
MARC
| LEADER | 00000nam a2200000 a 4500 | ||
|---|---|---|---|
| 001 | UCZ4520 | ||
| 003 | CL-VaPUC | ||
| 008 | 951110e19560000GW |||||||||||||||||ger|d | ||
| 082 | 0 | 4 | |a 186.4 |b HAR |2 21 |
| 100 | |a Harder, Richard |e author |9 348544 | ||
| 245 | 1 | 0 | |a Plotins schriften |
| 300 | |a v | ||
| 942 | |c BK | ||
| 945 | |d 19951110 00:00:00 |a cmena | ||
| 260 | |a Hamburgo |b Felix Meiner |c 1956 | ||
| 500 | |a v.1 p.1: Die Schriften 1-21 der chronologischen Reihenfolge | ||
| 500 | |a v.1 p.2:Anmerkungen zu den schriften 1-21 | ||
| 500 | |a v.2 p.1: Text und Ubersetzung der Schriften 22-29 | ||
| 500 | |a v.2 p.2: Anmerkungen zu den Schriften 22-29 | ||
| 500 | |a v.3 p.1: Text und Ubersetzung der Schriften 30-38 | ||
| 500 | |a v.3 p.2: Anmerkungen zu den Schriften 30-38 | ||
| 500 | |a v.4 p.1: Text und Ubersetzung der Schriften 39-45 | ||
| 500 | |a v.4 p.2: Anmerkungen zu den Schriften 39-45 | ||
| 500 | |a v.5 p.1: Text und Ubersetzung der Schriften 46-54 | ||
| 500 | |a v.5 p.2: Anmerkungen zu den Schriften 46-54 | ||
| 500 | |a v.5 p.3: Anhang. Porphyrios Uber Plotins Leben | ||
| 650 | 0 | |a Neoplatonismo |9 265877 | |
| 650 | 0 | |a Estética |9 264950 | |
| 650 | 7 | |a INMORTALIDAD |2 CL-VaPUC |9 320467 | |
| 650 | 0 | |a Muerte |9 265114 | |
| 650 | 7 | |a SER |2 CL-VaPUC |9 320176 | |
| 583 | |a last modification |c 19951110 00:00:00 |k Rodrigo Vera | ||
| 490 | 0 | |a Philosophischen Bibliotek, 211 | |
| 999 | |c 240893 |d 240891 | ||
| 952 | |0 0 |1 0 |4 0 |6 186_400000000000000_HAR_1956 |7 0 |8 P |9 252980 |a BIBEDU |b BIBEDU |c BIBEDU_PB |d 2019-11-19 |h v.1 p.1 |i 2600501 |o 186.4 HAR 1956 |p 2600501 |r 2024-01-25 |w 2019-11-19 |y BK |k FIL | ||
| 952 | |0 0 |1 0 |4 0 |6 186_400000000000000_HAR_1956 |7 0 |8 P |9 252981 |a BIBEDU |b BIBEDU |c BIBEDU_PB |d 2019-11-19 |h v.1 p.2 |i 2610159 |o 186.4 HAR 1956 |p 2610159 |r 2024-01-25 |w 2019-11-19 |y BK |k FIL | ||
| 952 | |0 0 |1 0 |4 0 |6 186_400000000000000_HAR_1956 |7 0 |8 P |9 252982 |a BIBEDU |b BIBEDU |c BIBEDU_PB |d 2019-11-19 |h v.2 p.1 |i 2610167 |o 186.4 HAR 1956 |p 2610167 |r 2024-01-25 |w 2019-11-19 |y BK |k FIL | ||
| 952 | |0 0 |1 0 |4 0 |6 186_400000000000000_HAR_1956 |7 0 |8 P |9 252983 |a BIBEDU |b BIBEDU |c BIBEDU_PB |d 2019-11-19 |h v.2 p.2 |i 2847442 |o 186.4 HAR 1956 |p 2847442 |r 2024-01-25 |w 2019-11-19 |y BK |k FIL | ||
| 952 | |0 0 |1 0 |4 0 |6 186_400000000000000_HAR_1956 |7 0 |8 P |9 252984 |a BIBEDU |b BIBEDU |c BIBEDU_PB |d 2019-11-19 |h v.3 p.1 |i 2745445 |o 186.4 HAR 1956 |p 2745445 |r 2024-01-25 |w 2019-11-19 |y BK |k FIL | ||
| 952 | |0 0 |1 0 |4 0 |6 186_400000000000000_HAR_1956 |7 0 |8 P |9 252985 |a BIBEDU |b BIBEDU |c BIBEDU_PB |d 2019-11-19 |h v.3 p.2 |i 2673517 |o 186.4 HAR 1956 |p 2673517 |r 2024-01-25 |w 2019-11-19 |y BK |k FIL | ||
| 952 | |0 0 |1 0 |4 0 |6 186_400000000000000_HAR_1956 |7 0 |8 P |9 252986 |a BIBEDU |b BIBEDU |c BIBEDU_PB |d 2019-11-19 |h v.4 p.1 |i 2848619 |o 186.4 HAR 1956 |p 2848619 |r 2024-01-25 |w 2019-11-19 |y BK |k FIL | ||
| 952 | |0 0 |1 0 |4 0 |6 186_400000000000000_HAR_1956 |7 0 |8 P |9 252987 |a BIBEDU |b BIBEDU |c BIBEDU_PB |d 2019-11-19 |h v.4 p.2 |i 2848627 |o 186.4 HAR 1956 |p 2848627 |r 2024-01-25 |w 2019-11-19 |y BK |k FIL | ||
| 952 | |0 0 |1 0 |4 0 |6 186_400000000000000_HAR_1956 |7 0 |8 P |9 252988 |a BIBEDU |b BIBEDU |c BIBEDU_PB |d 2019-11-19 |h v.5 p.1 |i 2698870 |o 186.4 HAR 1956 |p 2698870 |r 2024-01-25 |w 2019-11-19 |y BK |k FIL | ||
| 952 | |0 0 |1 0 |4 0 |6 186_400000000000000_HAR_1956 |7 0 |8 P |9 252989 |a BIBEDU |b BIBEDU |c BIBEDU_PB |d 2019-11-19 |h v.5 p.2 |i 2838982 |o 186.4 HAR 1956 |p 2838982 |r 2024-01-25 |w 2019-11-19 |y BK |k FIL | ||
| 952 | |0 0 |1 0 |4 0 |6 186_400000000000000_HAR_1956 |7 0 |8 P |9 252990 |a BIBEDU |b BIBEDU |c BIBEDU_PB |d 2019-11-19 |h v.5 p.3 |i 2821052 |o 186.4 HAR 1956 |p 2821052 |r 2024-01-25 |w 2019-11-19 |y BK |k FIL | ||